| 000 | 00428nam a22001337a 4500 | ||
|---|---|---|---|
| 082 |
_a954.913 _bMAS _cL-30-II, P-181 |
||
| 100 |
_aInstitute of policy studies _946198 |
||
| 245 |
_aمسلہ کشمیر کل اور اآج _cInstitute of policy studies |
||
| 260 |
_aIslamabad _bInstitute of policy studies |
||
| 300 |
_a328p.: _bill,; _c20 cm. |
||
| 526 |
_a0 _b0 _c0 _d954_913000000000000_MAS |
||
| 650 |
_aMCE _9379 |
||
| 942 |
_2ddc _cBK |
||
| 999 |
_c549543 _d549543 |
||